Statistics for General Country Trivia

Click here to take the quiz!

General Stats

  • This quiz has been taken 32 times
  • The average score is 6 of 15

Answer Stats

QuestionAnswer% Correct
Country with most tourists.France
77%
Biggest country in Africa.Algeria
73%
Country with zebra as national animal.Botswana
50%
Smallest country in Africa.Seychelles
50%
Country with the most penguins.New Zealand
45%
Country with most languages.Papua New Guinea
45%
Country with most earthquakes.Japan
41%
Country with highest IQ.Japan
36%
Country with biggest obesity rate.Nauru
36%
Country with most islands.Sweden
36%
Country with the lowest life expectancy.Chad
32%
Country that consumes the most coffee.Finland
27%
Country that invented chocolate.Mexico
27%
Country with most wars.Spain
23%
Country with most camels.Somalia
9%

Score Distribution

Percentile by Number Answered

Percent of People with Each Score

Your Score History

You have not taken this quiz